EPIC: The Musical - Storm - Statistics

General Stats
  • This quiz has been taken 139 times
  • The average score is 95 of 184
Answer Stats
Hint Answer % Correct
Odysseus These
95%
waves
95%
and
88%
tides
88%
in
86%
Is
86%
it
86%
and
84%
divine
84%
grown
84%
have
84%
nature
84%
or
84%
size
84%
Crew Storm
84%
for
82%
storm
82%
strength
82%
a
81%
a
81%
blessing
81%
Odysseus Brace
81%
in
81%
or
81%
home's
79%
Our
79%
disguise
77%
in
77%
sight
77%
fight
72%
final
72%
our
72%
Crew Sir
72%
Crew Storm
72%
This
72%
storm's
70%
no
67%
Comrades
65%
die
65%
Odysseus The
65%
There's
65%
time
65%
before
63%
never
63%
of
63%
seen
63%
storm
63%
to
63%
we've
63%
which
61%
likes
60%
a
58%
Brace
58%
for
58%
Eurylochus Captain
54%
Crew Storm
54%
pushing
49%
Storm
49%
Crew Storm
49%
Odysseus &Eurylochus An
47%
close
47%
home
47%
in
47%
island
47%
keep
47%
must
47%
sky
47%
so
47%
the
47%
we
47%
Perimedes& Elpenor Captain
46%
Odysseus Eurylochus
46%
forward
46%
grab
46%
Odysseus Head
46%
prevail
46%
Crew Storm
46%
them
46%
we
46%
Eurylochus What
46%
Odysseus With
46%
a
44%
ahead
44%
As
44%
as
44%
avoid
44%
but
44%
can
44%
do
44%
ensure
44%
fail
44%
find
44%
fleet
44%
follow
44%
for
44%
Crew Full
44%
gonna
44%
grab
44%
harpoons
44%
Odysseus Have
44%
have
44%
I'll
44%
in
44%
island
44%
look!
44%
many
44%
mind?
44%
my
44%
our
44%
ship
44%
shoot
44%
sky
44%
speed
44%
Storm
44%
that
44%
the
44%
the
44%
the
44%
the
44%
towards
44%
waves
44%
Eurylochus What?
44%
will
44%
you
44%
you
44%
aim
42%
alive
42%
and
42%
crashing
42%
Odysseus Everyone
42%
harpoon
42%
is
42%
it
42%
it
42%
make
42%
out
42%
storm
42%
Crew Storm
42%
the
42%
we
42%
Odysseus We're
42%
where
42%
and
40%
Eurylochus At
40%
capsize
40%
high
40%
rate
40%
Storm
40%
taking
40%
these
40%
this
40%
this
40%
tide
40%
waves
40%
we
40%
Odysseus We'll
40%
Eurylochus We're
40%
will
40%
with
40%
won't
40%
beat
39%
damage
39%
flat
39%
much
39%
survive
39%
then
39%
to
39%
too
39%
be
37%
saved
37%
will
37%
Tread
35%
Odysseus We're
35%
for
33%
in
33%
island
33%
shooting
33%
sky
33%
the
33%
the
33%
you
33%
in
32%
sky
32%
the
32%
No matching quizzes found
Score Distribution
Percent of People with Each Score
Percentile by Number Answered
Your Score History
You have not taken this quiz